000 00236nam a2200109Ia 4500
008 220204s9999 xx 000 0 und d
082 _a82-3
_bKAF
100 _aKafka, Franz
245 0 _aAmerica
260 _aEngland
_c1978
942 _cBK
999 _c33021
_d33021